Reference work in the University Library (Record no. 55832)

MARC details
000 -LEADER
fixed length control field 00628nam a2200169 a 4500
008 - FIXED-LENGTH DATA ELEMENTS--GENERAL INFORMATION
fixed length control field 120416s1986 ||||||||||||||||| || u
020 ## - INTERNATIONAL STANDARD BOOK NUMBER
International Standard Book Number 0872874494
050 ## - LIBRARY OF CONGRESS CALL NUMBER
Classification number Z 675.U5 Ste
100 ## - MAIN ENTRY--PERSONAL NAME
Personal name Stevens, Rolland Elwell
245 10 - TITLE STATEMENT
Title Reference work in the University Library
260 ## - PUBLICATION, DISTRIBUTION, ETC.
Place of publication, distribution, etc. Littleton:
Name of publisher, distributor, etc. Libraries Unlimited
Date of publication, distribution, etc. 1986
300 ## - PHYSICAL DESCRIPTION
Extent xvi, 436p.
350 ## - PRICE (NR) (BK AM CF MU VM SE) [OBSOLETE]
Price 0.00
650 ## - SUBJECT ADDED ENTRY--TOPICAL TERM
Topical term or geographic name entry element REFERENCE SERVICES (LIBRARIES)
650 ## - SUBJECT ADDED ENTRY--TOPICAL TERM
Topical term or geographic name entry element ACADEMIC LIBRARIES--REFERENCE SERVICES
995 ## - RECOMMENDATION 995 [LOCAL, UNIMARC FRANCE]
-- 0.00
-- CBU-MAIN LIBRARY (Kitwe)
-- 1
-- 37.50
-- 1
-- AVAILABLE
-- Annex Low-Usage Collection
Holdings
Withdrawn status Lost status Source of classification or shelving scheme Damaged status Not for loan Home library Current library Shelving location Date acquired Total Checkouts Full call number Barcode Date last seen Price effective from Koha item type
          CBU-MAIN LIBRARY, KITWE. CBU-MAIN LIBRARY, KITWE.   11/30/2022   Z 675.U5 Ste 017494 11/30/2022 11/30/2022 MONOGRAPH